MARC
|
|
|
|
| LEADER |
00000nam0a2200000 4500 |
| 001 |
277924 |
| 005 |
20231101235049.0 |
| 020 |
|
|
|a RU
|b 85-75691
|
| 035 |
|
|
|a (RuTPU)RU\TPU\book\301201
|
| 090 |
|
|
|a 277924
|
| 100 |
|
|
|a 20141208d1985 k y0rusy5003 ca
|
| 101 |
0 |
|
|a rus
|
| 102 |
|
|
|a RU
|
| 105 |
|
|
|a a z 001zy
|
| 200 |
1 |
|
|a Взаимосвязанное обучение видам речевой деятельности
|e сборник научных трудов
|f Кубанский государственный университет ; сост. В. П. Григорьева
|
| 210 |
|
|
|a Москва
|c Русский язык
|d 1985
|
| 215 |
|
|
|a 116 с.
|
| 606 |
1 |
|
|a Языки мира
|2 stltpush
|3 (RuTPU)RU\TPU\subj\21799
|9 46735
|
| 610 |
1 |
|
|a русский язык
|
| 610 |
1 |
|
|a обучение
|
| 610 |
1 |
|
|a методика
|
| 610 |
1 |
|
|a преподавание
|
| 686 |
|
|
|a Ш12/17
|v LBC/SL-A
|2 rubbk
|
| 702 |
|
1 |
|a Григорьева
|b В. П.
|g Валентина Петровна
|4 220
|
| 712 |
0 |
2 |
|a Кубанский государственный университет
|2 stltpush
|3 (RuTPU)RU\TPU\col\5347
|9 24088
|
| 801 |
|
0 |
|a RU
|b RuMRKP
|c 19950704
|g psbo
|
| 801 |
|
1 |
|a RU
|b 63413507
|c 20141208
|
| 801 |
|
2 |
|a RU
|b 63413507
|c 20170410
|g RCR
|
| 942 |
|
|
|c BK
|